000 005230000a22001690004500
003 MACL
005 20160205165117.0
008 160205b xxu||||| |||| 00| 0 eng d
040 _aMACL
_cMACL
041 _aHindi
082 _a100
100 _aखंड द्धितीय
_936991
245 _aविवेकानन्‍द साहित्‍य
260 _bजनवाणी प्रिन्‍टर्स
_c1972
_aकलकत्‍ता
650 _aPhilosophy
_936992
942 _cHIN
_k100
_2ddc
999 _c26629
_d26629